七つの大罪 - Statistics

General Stats
  • This quiz has been taken 527 times
  • The average score is 5 of 7
Answer Stats
七つの大罪 % Correct
怠惰
83%
色欲
82%
強欲
73%
憤怒
73%
傲慢
71%
暴食
71%
嫉妬
64%
No matching quizzes found
Score Distribution
Percent of People with Each Score
Percentile by Number Answered
Your Score History
You have not taken this quiz